| 000 | 00753nam a22001937a 4500 | ||
|---|---|---|---|
| 999 |
_c165410 _d165410 |
||
| 005 | 20190617163919.0 | ||
| 010 | _aUR-10209 | ||
| 020 |
_c300.00 _a9789387829626 |
||
| 035 | _aU-8764 | ||
| 037 | _bDBAD/PUB | ||
| 082 | _a420.3054 | ||
| 100 | _aو ا سيعہ بيگم شيخ ا حمد | ||
| 245 |
_aہند ی نو و لوں ميں عو ر تو ں کے مسا ءل _cو ا سيعہ بيگم شيخ ا حمد |
||
| 246 |
_bHindi Novelon Mein Aurton ke Masaail Urdu) _aby Wasia Begum Sheikh Ahmed |
||
| 260 |
_a Delhi _bEducational Publishing House _c2018 ء |
||
| 270 |
_a3191،Vakil Street,Kucha Pandit,Lal Kuan, _bDelhi _e110006 _k23216162 _l00911123211540 |
||
| 300 |
_a266 ص _c22 Cm(Hb) |
||
| 942 |
_2ddc _cUR _h420.3054 _mو ا س |
||